000 00777cab a2200205 4500
001 ##L134109
008 060710n2006 000 0 eng u
035 _a(Sirsi) u134109
041 0 _aeng
100 1 _aLeftly, Mark
245 0 0 _aWhere are we now?
260 _c2006
490 0 _aBuilding
_v271(8438) 7 July 2006, 32-34(3)
520 _aOn the first anniversary of the award of the 2012 Olympic Games to London, looks at the work done so far, and plans for the future. Examines the organisational structure, contracts, programme development, finance and legacy, and construction commitments.
590 _aIKA180706
650 2 4 _aOLYMPIC GAMES 2012
651 4 _aLONDON
690 _aBUILT ENVIRONMENT-CONSTRUCTION MANAGEMENT-CONSTRUCTION PLANNING
942 _n0
999 _c77375
_d77375